000 00458nam a2200193Ia 4500
008 170918s9999 xx 000 0 und d
020 _a9780439403962
050 _bB852 2002
100 _aBridwell, Norman
245 _aClifford the big red dog /
245 _cNorman Bridwell.
260 _aNew York :
260 _bScholastic,
260 _c2002
300 _aunpaged :
300 _bcolored illustration ;
300 _c27cm.
500 _a220
999 _c342443
_d342443